|
|
|
|
| LEADER |
01293nam a2200277 a 4500 |
| 001 |
3539671 |
| 008 |
100621s1996 bg ab b 000 0 eng d |
| 010 |
|
|
|a 96903756
|
| 020 |
|
|
|a 9845100066
|
| 040 |
|
|
|a DLC
|c DLC
|d BD-DhAAL
|
| 082 |
0 |
0 |
|a 307.2/4/095492
|2 21
|
| 100 |
0 |
|
|a Shanaz Huq-Hussain.
|
| 245 |
1 |
0 |
|a Female migrant's adaptation in Dhaka :
|b a case of the processes of urban socio-economic change /
|c Shanaz Huq-Hussain.
|
| 260 |
|
|
|a Dhaka, Bangladesh :
|b Urban Studies Programme, Dept. of Geography, University of Dhaka,
|c 1996.
|
| 300 |
|
|
|a xv, 224 p. :
|b ill., maps ;
|c 23 cm.
|
| 490 |
0 |
|
|a Bangladesh urban studies series ;
|v no. 3
|
| 500 |
|
|
|a Originally presented as the author's thesis (Ph. D.--University of London).
|
| 504 |
|
|
|a Includes bibliographical references (p. [211]-224).
|
| 541 |
1 |
|
|e 00005651
|
| 650 |
|
0 |
|a Women
|z Bangladesh
|x Social conditions.
|
| 650 |
|
0 |
|a Rural-urban migration
|z Bangladesh.
|
| 650 |
|
0 |
|a Urbanization
|z Bangladesh.
|
| 710 |
2 |
|
|a University of Dhaka.
|b Dept. of Geography.
|b Urban Studies Programme.
|
| 852 |
4 |
|
|a Ayesha Abed Library
|j General shelf
|
| 999 |
|
|
|c 9018
|d 9018
|
| 952 |
|
|
|0 0
|1 0
|2 ddc
|4 0
|6 307_240954920000000_SHA_1996
|7 0
|9 11140
|a BRACUL
|b BRACUL
|c GEN
|d 2010-06-21
|g 285.00
|l 1
|o 307.24095492 SHA
|p 3010005651
|r 2019-01-07
|s 2018-09-04
|t 1
|w 2010-06-21
|y BK
|